[Event "52nd Rubinstein Mem"]
[Site "Polanica Zdroj POL"]
[Date "2016.08.25"]
[Round "6.9"]
[White "Zochowski, Kacper"]
[Black "Lukasiewicz, Krzysztof"]
[Result "1-0"]
[WhiteElo "2275"]
[BlackElo "2120"]
[WhiteFideId "1125494"]
[BlackFideId "1166042"]
[EventDate "2016.08.20"]

1. e4 c6 2. d4 d5 3. Nc3 dxe4 4. Nxe4 Nd7 5. Bd3 Ngf6 6. Ng5 e6 7. N1f3 h6 8.
Nxe6 fxe6 9. Bg6+ Ke7 10. O-O Qc7 11. c4 Kd8 12. Re1 Be7 13. Qc2 b6 14. g3 Bb4
15. Bf4 Qb7 16. Rxe6 Nf8 17. Re3 Nxg6 18. Qxg6 Ng4 19. Rb3 Qe7 20. Rxb4 Rf8 21.
Rb3 Rf6 22. Qd3 Bf5 23. Qd2 Be4 24. Ne5 Nxf2 25. Qxf2 g5 26. Qe2 Bf5 27. Bd2 Kc7
28. Rf1 Raf8 29. Rbf3 Bg4 30. Rxf6 Bxe2 31. Rf7 Kd6 32. Bb4+ c5 33. dxc5+ bxc5
34. Bxc5+ Kxc5 35. b4+ Kd6 36. c5+ Kd5 37. Rxe7 Rxf1+ 38. Kg2 Ra1 39. Nd7 Rxa2
40. Nf6+ Kc6 41. Kf2 Bc4+ 42. Kf3 Rxh2 43. Rxa7 h5 44. Rd7 Rb2 45. Rd6+ Kc7 46.
Ne8+ Kc8 47. Rb6 Bd5+ 48. Ke3 h4 49. gxh4 gxh4 50. b5 h3 51. c6 h2 52. c7 Bb7
53. Rd6 Rb3+ 54. Kd2 Rb2+ 55. Kc3 Rc2+ 56. Kxc2 Be4+ 57. Kb2 Kb7 58. Rh6 h1=Q
59. Rxh1 Bxh1 60. b6 1-0

[Event "52nd Rubinstein Mem"]
[Site "Polanica Zdroj POL"]
[Date "2016.08.25"]
[Round "6.10"]
[White "Kanicki, Krzysztof"]
[Black "Lewtak, Damian"]
[Result "1-0"]
[WhiteElo "2177"]
[BlackElo "2389"]
[WhiteFideId "1163450"]
[BlackFideId "1141724"]
[EventDate "2016.08.20"]

1. e4 c5 2. Nf3 d6 3. d4 cxd4 4. Nxd4 Nf6 5. Nc3 Nc6 6. Bg5 e6 7. Qd2 a6 8.
O-O-O Bd7 9. f4 b5 10. Bxf6 gxf6 11. Kb1 Qb6 12. Nxc6 Bxc6 13. f5 b4 14. Ne2 e5
15. Ng3 h5 16. h4 Qc5 17. Qe2 Ke7 18. Nxh5 Bb5 19. Qg4 Bh6 20. Rd5 Qc7 21. Qd1
Bc6 22. Bc4 Rac8 23. g4 Bxd5 24. Bxd5 Be3 25. Bb3 Qc5 26. g5 fxg5 27. f6+ Kd8
28. Ng7 Kc7 29. Be6 Rxh4 30. Rxh4 gxh4 31. Bxc8 Kxc8 32. Qg4+ Kb7 33. Qxh4 Qd4
34. Qh1 Bg5 35. Nf5 Qd2 36. a3 bxa3 37. bxa3 Be3 38. Qf1 Kb6 39. Qc4 Bc5 40.
Qb3+ Kc6 41. Qc4 Kb6 42. Qxf7 Qe1+ 43. Ka2 Qxe4 44. Qb3+ Kc7 45. Ne7 d5 46.
Nxd5+ Kd6 47. f7 Qf5 48. Nb4 e4 49. f8=Q+ Qxf8 50. Qd5+ Kc7 51. Nxa6+ Kb6 52.
Nxc5 Qxc5 53. Qxe4 Ka5 54. Kb3 Qg1 55. Qd5+ Kb6 56. Qd6+ Ka5 57. Qb4+ Ka6 58.
Ka2 Ka7 59. Qc4 Qd1 60. a4 Qd2 61. Qc7+ Ka6 62. Qc6+ Ka7 63. Kb3 Qd1 64. Qc5+
Ka6 65. a5 Qb1+ 66. Kc3 Qa1+ 67. Kd2 Kb7 68. Qb4+ Ka7 69. Qb6+ Ka8 70. Qa6+ Kb8
71. Qb5+ Ka8 72. c3 Qh1 73. a6 Qg2+ 74. Ke3 Qg1+ 75. Ke4 Qg6+ 76. Kd4 Qf6+ 77.
Kc4 Qf1+ 78. Kc5 Qf2+ 79. Kc6 Qf6+ 80. Kd5 Qf5+ 81. Kc4 Qf1+ 82. Kb4 Qb1+ 83.
Ka5 Qa2+ 84. Kb6 Qf2+ 85. Qc5 Qb2+ 86. Qb4 Qf2+ 87. Qd4 Qb2+ 88. Kc6 Qb1 89. Qd7 1-0

[Event "52nd Rubinstein Mem"]
[Site "Polanica Zdroj POL"]
[Date "2016.08.25"]
[Round "6.11"]
[White "Grela, Kacper"]
[Black "Piotrowski, Przemyslaw"]
[Result "1/2-1/2"]
[WhiteTitle "FM"]
[WhiteElo "2274"]
[BlackElo "2155"]
[WhiteFideId "1154141"]
[BlackFideId "1127063"]
[EventDate "2016.08.20"]

1. e4 c5 2. Nf3 d6 3. d4 cxd4 4. Nxd4 Nf6 5. Nc3 Nc6 6. Bg5 e6 7. Qd2 a6 8.
O-O-O Bd7 9. f4 b5 10. Bxf6 gxf6 11. Kb1 Qb6 12. Nce2 h5 13. h4 Rg8 14. f5 Rg4
15. fxe6 fxe6 16. Nxc6 Bxc6 17. Nd4 Rxe4 18. Nxc6 Qxc6 19. Bd3 Re5 20. Bg6+ Kd7
21. Rhe1 Be7 22. Rxe5 fxe5 23. Qe2 Rg8 24. Be4 Qc4 25. Qe3 Qc7 26. Qh6 Rg4 27.
Bg6 Rxg2 28. Qxh5 Rh2 29. Qh8 Qd8 30. Qxe5 Rh1 31. Qe2 Qa8 32. Re1 Bxh4 33.
Qxe6+ Kc7 34. Rc1 Rxc1+ 35. Kxc1 Qh1+ 36. Kd2 Bg5+ 37. Kc3 a5 38. Kb3 a4+ 39.
Kb4 Qc6 40. Bd3 Qc5+ 41. Ka5 Qb6+ 42. Kb4 Bd2+ 43. c3 Qd4+ 44. Kxb5 Qxd3+ 45.
Kxa4 Bg5 46. Kb4 Kb6 47. Qc4 Qf5 48. Qd4+ Kc6 49. Qc4+ Kb7 50. Qb5+ Qxb5+ 51.
Kxb5 Bc1 52. b3 Bb2 53. c4 Bf6 54. a4 Bd4 55. a5 Be3 56. b4 Bf2 57. Ka4 Bg1 58.
Kb5 Bf2 59. Ka4 Kc6 60. Kb3 Kd7 61. Ka4 Ba7 62. Kb5 1/2-1/2

[Event "52nd Rubinstein Mem"]
[Site "Polanica Zdroj POL"]
[Date "2016.08.25"]
[Round "6.12"]
[White "Gumularz, Szymon"]
[Black "Zebracki, Tomasz"]
[Result "0-1"]
[WhiteElo "2260"]
[BlackElo "2172"]
[WhiteFideId "1188062"]
[BlackFideId "1181521"]
[EventDate "2016.08.20"]

1. d4 Nf6 2. c4 e5 3. dxe5 Ng4 4. Nf3 Bc5 5. e3 Nc6 6. b3 Ngxe5 7. Nxe5 Nxe5 8.
Bb2 d6 9. Be2 O-O 10. Nc3 a6 11. O-O Bd7 12. Kh1 Bc6 13. Nd5 Re8 14. e4 Ng6 15.
Bd3 Ne5 16. Bc2 Qh4 17. f3 Bxd5 18. cxd5 Bf2 19. Rxf2 Qxf2 20. Bd4 Qh4 21. Qd2
Qe7 22. f4 Ng6 23. Re1 f6 24. g3 Rac8 25. b4 c6 26. Bb3 Kh8 27. dxc6 bxc6 28. h4
Qd7 29. Kh2 Nf8 30. h5 c5 31. Bc3 cxb4 32. Bxb4 Qb5 33. h6 Qh5+ 34. Kg2 Qg6 35.
hxg7+ Kxg7 36. f5 Qg4 37. Bd1 Qg5 38. Qd4 Kh8 39. Bc3 Nd7 40. Ba4 Rg8 41. Re3
Ne5 42. Qxd6 Ng4 43. Rd3 Qh6 44. Bxf6+ Qxf6 45. Qxf6+ Nxf6 46. e5 Ng4 47. e6
Rgd8 48. Bd7 Nf6 49. Bxc8 Rxd3 50. Bxa6 Rd2+ 51. Kf3 Rxa2 52. Bb5 Ra5 53. Bd3
Ra3 54. Ke3 Kg7 55. Kd4 Kf8 0-1

[Event "52nd Rubinstein Mem"]
[Site "Polanica Zdroj POL"]
[Date "2016.08.25"]
[Round "6.13"]
[White "Zaleski, Lukasz"]
[Black "Rozycki, Bartlomiej"]
[Result "1/2-1/2"]
[WhiteElo "2219"]
[BlackElo "2118"]
[WhiteFideId "1172611"]
[BlackFideId "1106996"]
[EventDate "2016.08.20"]

1. e4 e6 2. d4 d5 3. Nc3 Bb4 4. exd5 exd5 5. Bd3 Be6 6. a3 Bxc3+ 7. bxc3 Nc6 8.
Qf3 Nge7 9. Ne2 Qd7 10. h3 Bf5 11. O-O O-O-O 12. Ng3 Bxd3 13. cxd3 f5 14. Re1 h6
15. Bf4 g5 16. Be5 Nxe5 17. dxe5 g4 18. Qf4 h5 19. d4 Qe6 20. Ne2 Ng6 21. Qe3 f4
22. Nxf4 Nxf4 23. Qxf4 gxh3 24. g3 h4 25. Kh2 Rdf8 26. Qe3 Qg4 27. Rg1 Rf3 28.
Qe2 Rhf8 29. Raf1 c6 30. a4 a5 31. e6 Qe4 32. Qxe4 dxe4 33. gxh4 e3 34. e7 Rxf2+
35. Rxf2 Rxf2+ 36. Kxh3 Kd7 37. Re1 Kxe7 38. Rxe3+ Kf6 39. Kg4 Ra2 40. Rf3+ Kg7
41. Re3 Kf7 42. Rf3+ Kg7 43. Re3 Kf7 1/2-1/2

[Event "52nd Rubinstein Mem"]
[Site "Polanica Zdroj POL"]
[Date "2016.08.25"]
[Round "6.14"]
[White "Faron, Rafal"]
[Black "Gierulski, Kamil"]
[Result "1/2-1/2"]
[WhiteElo "2008"]
[BlackElo "2216"]
[WhiteFideId "1149768"]
[BlackFideId "1163825"]
[EventDate "2016.08.20"]

1. d4 Nf6 2. c4 e6 3. Nc3 Bb4 4. Qc2 O-O 5. Nf3 c5 6. dxc5 Na6 7. g3 Nxc5 8. Bg2
Nce4 9. O-O Nxc3 10. bxc3 Be7 11. e4 d6 12. e5 dxe5 13. Nxe5 Bd6 14. Qe2 Qc7 15.
Re1 Nd7 16. Bf4 Nxe5 17. Bxe5 Rb8 18. Rad1 Bxe5 19. Qxe5 Qxe5 20. Rxe5 b6 21. c5
f6 22. cxb6 axb6 23. Rb5 Ba6 24. Rbb1 Rfc8 25. Bf1 Bxf1 26. Kxf1 Rxc3 27. Rd6
Ra3 28. Rxe6 Rxa2 29. Rexb6 Rxb6 30. Rxb6 Ra8 31. Kg2 Rf8 1/2-1/2

[Event "52nd Rubinstein Mem"]
[Site "Polanica Zdroj POL"]
[Date "2016.08.25"]
[Round "6.15"]
[White "Kulas, Szymon"]
[Black "Praczukowski, Stanislaw"]
[Result "1-0"]
[WhiteElo "2210"]
[BlackElo "2096"]
[WhiteFideId "1178989"]
[BlackFideId "1182730"]
[EventDate "2016.08.20"]

1. e4 e6 2. d4 d5 3. Nd2 Nf6 4. e5 Nfd7 5. Bd3 c5 6. c3 b6 7. Qa4 a5 8. Ne2 Ba6
9. Bxa6 Nxa6 10. O-O Nc7 11. f4 b5 12. Qc2 f5 13. exf6 Nxf6 14. Ng3 Bd6 15. Nf3
O-O 16. Bd2 Rc8 17. Rae1 b4 18. Qd3 Qd7 19. h3 Rce8 20. Re2 Re7 21. Rfe1 Rfe8
22. Be3 Qc6 23. dxc5 Bxc5 24. Kh2 Bd6 25. Nd4 Qc4 26. Qxc4 dxc4 27. Bd2 Nfd5 28.
Nc6 Rf7 29. Nxa5 bxc3 30. bxc3 Bxf4 31. Nxc4 Bxd2 32. Rxd2 Ra8 33. Ne5 Rf4 34.
c4 Nb6 35. Re4 Rxe4 36. Nxe4 h6 37. Rb2 Na4 38. Rb4 Ra5 39. Nc6 Ra6 40. Rb8+ Kh7
41. Nb4 Ra5 42. Rc8 Ra7 43. Nc6 Rb7 44. Nd6 Nb6 45. Rd8 1-0

[Event "52nd Rubinstein Mem"]
[Site "Polanica Zdroj POL"]
[Date "2016.08.25"]
[Round "6.16"]
[White "Kucza, Karol"]
[Black "Sliwerski, Radoslaw"]
[Result "1-0"]
[WhiteTitle "FM"]
[WhiteElo "2307"]
[BlackElo "2077"]
[WhiteFideId "1159755"]
[BlackFideId "1115308"]
[EventDate "2016.08.20"]

1. e4 c5 2. Nf3 d6 3. d4 cxd4 4. Nxd4 Nf6 5. Nc3 a6 6. Bg5 e6 7. f4 Nbd7 8. Qf3
Qc7 9. O-O-O Be7 10. f5 e5 11. Nde2 b5 12. Bxf6 Nxf6 13. Nd5 Nxd5 14. exd5 Bb7
15. Ng3 O-O-O 16. Ne4 Kb8 17. Kb1 Rc8 18. Qf2 g6 19. f6 Bd8 20. h4 h5 21. g3 Ka8
22. Bh3 Rb8 23. a3 Bc8 24. Bxc8 Rxc8 25. Rd3 Qd7 26. b3 Kb7 27. Qg2 Bb6 28. Qh3
Rhd8 29. Qxd7+ Rxd7 30. Rc3 Rxc3 31. Nxc3 Rd8 32. Ne4 Kc7 33. c4 bxc4 34. Rc1
Kd7 35. Rxc4 Bc7 36. Kc2 Rb8 37. Rc6 Rb6 38. Rxb6 Bxb6 39. Kd3 Bc5 40. b4 Bb6
41. a4 Bc7 42. Kc4 Bb6 43. a5 Bd8 44. b5 Bxa5 45. bxa6 Bb6 46. Ng5 1-0

[Event "52nd Rubinstein Mem"]
[Site "Polanica Zdroj POL"]
[Date "2016.08.25"]
[Round "6.17"]
[White "Chmiel, Marcin"]
[Black "Ochowicz, Jakub"]
[Result "1-0"]
[WhiteElo "2194"]
[BlackElo "2069"]
[WhiteFideId "1135503"]
[BlackFideId "1182714"]
[EventDate "2016.08.20"]

1. e4 c5 2. Nf3 e6 3. d4 cxd4 4. Nxd4 a6 5. Nc3 b5 6. Bd3 Qb6 7. Nf3 Qc7 8. O-O
Bb7 9. Qe2 d6 10. a4 b4 11. Na2 Nf6 12. Bd2 a5 13. c3 bxc3 14. Bxc3 Be7 15. Rfc1
Qd7 16. b4 axb4 17. Nxb4 O-O 18. a5 d5 19. exd5 Nxd5 20. Nxd5 Bxd5 21. Ne5 Qd6
22. Ra4 Nd7 23. Nxd7 Qxd7 24. Bb5 Qc7 25. Qe5 Qxe5 26. Bxe5 Rfc8 27. Rxc8+ Rxc8
28. Ra1 Bc5 29. a6 Ba7 30. Bd3 f6 31. Bf4 e5 32. Rc1 Ra8 33. Be3 Bxe3 34. fxe3
Ra7 35. Rc5 e4 36. Bb5 Ba8 37. Rc8+ Kf7 38. Kf2 Ke6 39. Ke1 Kd6 40. Kd2 g6 41.
g3 Bd5 42. Kc3 Rc7+ 43. Rxc7 Kxc7 44. Kd4 Kd6 45. a7 Bb7 46. Bc4 g5 47. Bg8 h6
48. Bh7 1-0

[Event "52nd Rubinstein Mem"]
[Site "Polanica Zdroj POL"]
[Date "2016.08.25"]
[Round "6.18"]
[White "Samborski, Henryk"]
[Black "Czerw, Dawid"]
[Result "0-1"]
[WhiteElo "2114"]
[BlackElo "2179"]
[WhiteFideId "1103849"]
[BlackFideId "1145746"]
[EventDate "2016.08.20"]

1. Nf3 c5 2. c4 Nc6 3. g3 g6 4. Bg2 Bg7 5. O-O e6 6. Nc3 Nge7 7. e4 O-O 8. d3 d6
9. Bd2 a6 10. Qc1 Rb8 11. Bh6 b5 12. h4 e5 13. b3 f6 14. Kh2 Rf7 15. Bh3 Bxh3
16. Kxh3 Nd4 17. Nxd4 cxd4 18. Nd5 Nxd5 19. exd5 f5 20. f3 bxc4 21. bxc4 f4 22.
Bxg7 Kxg7 23. Rb1 Rxb1 24. Qxb1 fxg3 25. Kxg3 Rf4 26. Rh1 Qf6 27. Qd1 h5 28. Rh3
Kh7 29. Qe2 Kh6 30. Qf2 Qf5 31. Qd2 Kh7 32. Kg2 Qf6 33. Qa5 Rxh4 34. Qc7+ Kh6
35. Rxh4 Qxh4 36. Qxd6 Qg5+ 37. Kf1 Qf4 38. Kf2 h4 39. Qd8 Qd2+ 40. Kg1 Qe1+ 41.
Kg2 Qg3+ 42. Kh1 h3 43. Qf8+ Kg5 44. f4+ Kg4 0-1

[Event "52nd Rubinstein Mem"]
[Site "Polanica Zdroj POL"]
[Date "2016.08.25"]
[Round "6.19"]
[White "Goslawski, Michal"]
[Black "Mazalon, Mariusz"]
[Result "1/2-1/2"]
[WhiteElo "2168"]
[BlackElo "2057"]
[WhiteFideId "1171259"]
[BlackFideId "1103105"]
[EventDate "2016.08.20"]

1. c4 g6 2. g3 Bg7 3. Bg2 d6 4. Nc3 Nf6 5. e4 O-O 6. Nge2 c5 7. O-O Nc6 8. a3
Ne8 9. Rb1 a5 10. d3 Nc7 11. Be3 Rb8 12. d4 cxd4 13. Nxd4 Nxd4 14. Bxd4 b5 15.
Bxg7 Kxg7 16. cxb5 Nxb5 17. Nxb5 Rxb5 18. Qd4+ Kg8 19. b4 Be6 20. Rfc1 axb4 21.
Bf1 Qb6 22. Qd2 Rc5 23. axb4 Rxc1 24. Rxc1 Ra8 25. b5 Ra2 26. Qe1 f6 27. Ra1 Rb2
28. Rb1 Ra2 29. h4 Kg7 30. Bg2 Bc8 31. Bf1 Bb7 32. Bc4 Ra4 33. Bd5 e6 34. Bxb7
Qxb7 35. Rb4 Ra8 36. b6 Rc8 37. Qe3 Rc6 38. Qd4 h5 39. Qb2 Kf7 40. Qd4 Kg7 41.
Qe3 Kh7 42. Rb1 Kg7 43. Qd4 Kf7 44. Qb4 Kg7 45. Qb5 Rc5 46. Qd3 Rc6 47. Qe3 Kh7
48. Rb2 Kg7 49. Kh2 Kh7 50. Qb3 Kg7 51. Qxe6 Rxb6 52. Rxb6 Qxb6 53. Qe7+ Kh6 54.
Qxf6 Qb8 55. Qg5+ Kh7 56. Qe7+ Kh6 57. Qf6 Kh7 58. Qd4 Qa8 59. Kg1 Qa2 60. Kg2
Qe2 61. Qa7+ Kg8 62. Qd4 Kh7 63. Qd5 Kg7 64. Qe6 Kh6 65. Qe7 Qc4 66. Qf8+ Kh7
67. Qf4 Qe2 68. Qf7+ Kh6 69. Qe7 Qd3 70. Qf8+ Kh7 71. Qf3 Qd4 72. Qe2 Qc5 73.
Kg1 Qd4 74. Kg2 Qc5 75. Kh2 Qd4 76. Kg2 Qc5 1/2-1/2

[Event "52nd Rubinstein Mem"]
[Site "Polanica Zdroj POL"]
[Date "2016.08.25"]
[Round "6.20"]
[White "Chomczyk, Marek"]
[Black "Psyk, Radoslaw"]
[Result "1/2-1/2"]
[WhiteElo "2131"]
[BlackElo "2161"]
[WhiteFideId "1125826"]
[BlackFideId "1182838"]
[EventDate "2016.08.20"]

1. d4 d5 2. c4 e6 3. Nc3 Nf6 4. cxd5 exd5 5. Bg5 c6 6. e3 Nbd7 7. Bd3 Be7 8.
Nge2 O-O 9. O-O Re8 10. Qc2 Nf8 11. Rad1 Ng6 12. Ng3 Ng4 13. Bxe7 Qxe7 14. h3
Nf6 15. a3 Nh4 16. b4 g6 17. b5 Nh5 18. Nce2 Nxg3 19. Nxg3 Bd7 20. a4 Rac8 21.
Qe2 Qg5 22. Kh2 Nf5 23. Bxf5 Bxf5 24. bxc6 Rxc6 25. Qb5 Bc2 26. Qxb7 Rc4 27. Rc1
h5 28. f4 Qd8 29. Rf2 h4 30. Rfxc2 hxg3+ 31. Kxg3 Rxe3+ 32. Kh2 Qh4 33. Qb8+ Kg7
34. f5 Qxd4 35. f6+ Qxf6 36. Rxc4 dxc4 37. Rxc4 Re2 38. Qg3 a5 39. Rc5 Qf1 40.
Rc8 Qa1 41. Qd6 Kh7 42. Qf4 Qe5 43. Qxe5 Rxe5 44. Ra8 Kg7 45. Kg3 Rc5 46. Ra6
Rc3+ 47. Kh2 Rc5 48. Kg3 1/2-1/2

[Event "52nd Rubinstein Mem"]
[Site "Polanica Zdroj POL"]
[Date "2016.08.25"]
[Round "6.21"]
[White "Pyka, Roman"]
[Black "Leks, Maria"]
[Result "0-1"]
[BlackTitle "WCM"]
[WhiteElo "2065"]
[BlackElo "2142"]
[WhiteFideId "1102672"]
[BlackFideId "1134957"]
[EventDate "2016.08.20"]

1. d4 d5 2. Nf3 Nf6 3. c4 c6 4. cxd5 cxd5 5. Nc3 Nc6 6. e3 a6 7. Bd3 Bg4 8. h3
Bxf3 9. Qxf3 e6 10. O-O Bd6 11. Bd2 O-O 12. Rfc1 Qe7 13. a3 Rad8 14. Na4 e5 15.
dxe5 Nxe5 16. Qe2 Nxd3 17. Qxd3 Ne4 18. Ba5 Rde8 19. Nc3 Qf6 20. Rc2 Nc5 21.
Qxd5 Re5 22. Qa2 Rg5 23. f4 Rg6 24. Rd1 Qf5 25. b4 Qxh3 26. Re2 Bxf4 27. exf4
Qxc3 28. Qd5 Ne6 29. Rf1 Nd4 30. Re7 b6 31. f5 Rf6 32. b5 bxa5 33. bxa6 Rxa6 34.
Re4 Nb3 35. f6 Qc5+ 36. Qxc5 Nxc5 0-1

[Event "52nd Rubinstein Mem"]
[Site "Polanica Zdroj POL"]
[Date "2016.08.25"]
[Round "6.22"]
[White "Kiedowski, Artur"]
[Black "Betkowski, Andrzej"]
[Result "1/2-1/2"]
[WhiteElo "1709"]
[BlackElo "2111"]
[WhiteFideId "21844526"]
[BlackFideId "1102036"]
[EventDate "2016.08.20"]

1. d4 g6 2. c4 f5 3. g3 Nf6 4. Bg2 Bg7 5. Nf3 O-O 6. O-O d6 7. Nc3 c6 8. Qc2 Qe8
9. Re1 e5 10. dxe5 dxe5 11. e4 f4 12. gxf4 Nh5 13. Nxe5 Bxe5 14. fxe5 Nd7 15.
Bh6 Rf7 16. e6 Qxe6 17. Rad1 g5 18. e5 Qxh6 19. e6 Re7 20. exd7 Rxe1+ 21. Rxe1
Bxd7 22. Re7 Be8 23. Qe2 Bf7 24. Rxb7 Re8 25. Re7 Rf8 26. Be4 Nf4 27. Qg4 Nh3+
28. Kg2 Nxf2 29. Qf5 Nxe4 30. Qxe4 Qf6 31. Kg1 a5 32. Rc7 Re8 33. Rxc6 Qd8 34.
Qf3 Qd4+ 35. Qf2 Qg4+ 36. Qg3 Qd4+ 37. Qf2 Qg4+ 38. Qg3 1/2-1/2

[Event "52nd Rubinstein Mem"]
[Site "Polanica Zdroj POL"]
[Date "2016.08.25"]
[Round "6.23"]
[White "Kowalczyk, Rafal"]
[Black "Czuchnicki, Adam"]
[Result "1-0"]
[WhiteElo "2215"]
[BlackElo "2046"]
[WhiteFideId "1133853"]
[BlackFideId "1127179"]
[EventDate "2016.08.20"]

1. e4 c5 2. Nf3 d6 3. d4 cxd4 4. Nxd4 Nf6 5. Nc3 a6 6. Bg5 e6 7. f4 Be7 8. Qf3
Qc7 9. O-O-O Nbd7 10. g4 h6 11. Bxf6 Bxf6 12. Kb1 Qb6 13. Nb3 Be7 14. h4 Nc5 15.
g5 Bd7 16. f5 hxg5 17. hxg5 O-O-O 18. g6 fxg6 19. fxe6 Bxe6 20. Bh3 Rxh3 21.
Rxh3 Rf8 22. Qg3 Nxb3 23. axb3 Bxh3 24. Qxh3+ Kb8 25. Qe6 Bd8 26. Rxd6 Rf1+ 27.
Ka2 Qa5+ 28. Na4 Bc7 29. Rd7 Qe1 30. b4 Qb1+ 31. Kb3 Rf3+ 32. Nc3 Bg3 33. Qe8+
Ka7 34. Qc8 Rxc3+ 35. Qxc3 Qg1 36. Qc5+ 1-0

[Event "52nd Rubinstein Mem"]
[Site "Polanica Zdroj POL"]
[Date "2016.08.25"]
[Round "6.24"]
[White "Bachor, Tomasz"]
[Black "Wisniewski, Michal"]
[Result "0-1"]
[WhiteElo "1758"]
[BlackElo "2197"]
[WhiteFideId "21814694"]
[BlackFideId "1159682"]
[EventDate "2016.08.20"]

1. e4 Nf6 2. e5 Nd5 3. d4 d6 4. c4 Nb6 5. exd6 exd6 6. Nc3 Be7 7. Nf3 O-O 8. Be3
Bg4 9. b3 Bf6 10. Rc1 Nc6 11. Be2 d5 12. c5 Nc8 13. h3 Bh5 14. O-O h6 15. Ne1
Bxe2 16. Nxe2 Re8 17. Nf3 N8e7 18. Ng3 Ng6 19. Qd2 Nf8 20. b4 a6 21. a4 Ne6 22.
b5 axb5 23. axb5 Na5 24. Qd3 Nc4 25. Nf5 Ra3 26. Qd1 Qd7 27. Nd2 Nxe3 28. fxe3
Bg5 29. c6 bxc6 30. bxc6 Qd8 31. Qh5 Rf8 32. Nf3 Bxe3+ 33. Nxe3 Rxe3 34. Qf5 Re4
35. h4 g6 36. Qh3 Nf4 37. Qd7 Ne2+ 38. Kh1 Rxh4+ 39. Nxh4 Qxh4+ 40. Qh3 Qxh3+
41. gxh3 Nxc1 42. Rxc1 Rd8 43. Kg2 Kf8 44. Kf3 Ke7 45. h4 Kd6 46. h5 Re8 47.
hxg6 fxg6 48. Rh1 h5 49. Rg1 Re6 50. Rc1 Re4 51. Rg1 Rg4 0-1

[Event "52nd Rubinstein Mem"]
[Site "Polanica Zdroj POL"]
[Date "2016.08.25"]
[Round "6.25"]
[White "Luba, Lukasz"]
[Black "Widla, Piotr"]
[Result "1-0"]
[WhiteElo "2117"]
[BlackElo "2042"]
[WhiteFideId "1117289"]
[BlackFideId "1132164"]
[EventDate "2016.08.20"]

1. d4 Nf6 2. c4 c5 3. d5 b5 4. cxb5 a6 5. bxa6 Bxa6 6. Nc3 g6 7. g3 d6 8. Bg2
Bg7 9. Bd2 Nbd7 10. Qc1 h5 11. h4 Ne5 12. Bf4 Nc4 13. b3 Nb6 14. Qd2 Rc8 15. Rc1
Qc7 16. Nh3 Qb7 17. O-O Nbd7 18. Rb1 Ng4 19. Qc2 O-O 20. Ng5 Qb4 21. Bd2 c4 22.
Nce4 c3 23. Bf4 Nb6 24. Rfd1 Bxe2 25. Re1 Ba6 26. a3 Qa5 27. Rbd1 Bb7 28. Bxd6
Nxd5 29. Nc5 Ba8 30. Bxd5 Bxd5 31. Bxe7 Ba8 32. Bxf8 Bxf8 33. b4 Qxa3 34. Nxf7
Qb2 35. Qxg6+ Bg7 36. Nh6+ Nxh6 37. Qe6+ Kh7 38. Qxc8 Bf3 39. Rd7 c2 40. Nd3 Qb1
41. Qf8 1-0

[Event "52nd Rubinstein Mem"]
[Site "Polanica Zdroj POL"]
[Date "2016.08.26"]
[Round "7.1"]
[White "Shishkin, Vadim UKR"]
[Black "Szelag, Marcin"]
[Result "0-1"]
[WhiteTitle "GM"]
[BlackTitle "IM"]
[WhiteElo "2469"]
[BlackElo "2443"]
[WhiteFideId "14101696"]
[BlackFideId "1112228"]
[EventDate "2016.08.20"]

1. d4 Nf6 2. c4 g6 3. Nc3 Bg7 4. e4 d6 5. Be2 O-O 6. Nf3 e5 7. Be3 Ng4 8. Bg5 f6
9. Bh4 g5 10. Bg3 Nh6 11. h3 exd4 12. Nxd4 Nc6 13. h4 g4 14. h5 f5 15. Nxf5 Bxf5
16. exf5 Nxf5 17. Bf4 Nh4 18. Qd5+ Kh8 19. Bg3 Nf5 20. O-O-O Qf6 21. Kb1 Nb4 22.
Qb5 c5 23. Bxg4 Nxg3 24. fxg3 Qf2 25. Qa4 Qxg2 26. Rhg1 Qh2 27. Qb3 Rf2 28. Na4
Re8 29. Rge1 Rxe1 30. Rxe1 Be5 31. Be6 Nd3 32. Qxb7 Nxe1 0-1

[Event "52nd Rubinstein Mem"]
[Site "Polanica Zdroj POL"]
[Date "2016.08.26"]
[Round "7.2"]
[White "Farkas, Gabor1"]
[Black "Cukrowski, Filip"]
[Result "0-1"]
[WhiteTitle "FM"]
[BlackTitle "FM"]
[WhiteElo "2368"]
[BlackElo "2381"]
[WhiteFideId "14908034"]
[BlackFideId "1171097"]
[EventDate "2016.08.20"]

1. d4 Nf6 2. c4 g6 3. Nc3 Bg7 4. e4 O-O 5. Be2 d6 6. Bg5 h6 7. Be3 e5 8. d5 a5
9. Qd2 Kh7 10. h4 c6 11. Rd1 cxd5 12. cxd5 Bd7 13. h5 g5 14. f3 a4 15. g4 Ne8
16. Nh3 Bf6 17. Bb5 Bxb5 18. Nxb5 Qa5 19. Qxa5 Rxa5 20. Na3 Nd7 21. Nf2 Nc7 22.
Nd3 Raa8 23. Rc1 Rfc8 24. Rh2 Ne8 25. Rhc2 Rxc2 26. Rxc2 Bd8 27. Ke2 Kg7 28. Nc4
Kf6 29. Nd2 Ke7 30. Nf1 f6 31. Ng3 Ng7 32. Bd2 Bb6 33. Bb4 Bc5 34. Bxc5 dxc5 35.
Kd2 Kd6 36. Nf2 b5 37. Nd1 c4 38. Ne3 Kc5 39. b3 axb3 40. axb3 Nb6 41. Ngf5 Nxf5
42. Nxf5 Ra3 43. bxc4 b4 44. Rc1 Nxc4+ 45. Kd1 Rd3+ 46. Ke2 Rd2+ 47. Ke1 Rh2 48.
Ne3 Rh1+ 49. Nf1 b3 50. Ke2 b2 51. Rd1 Rxf1 52. Rxf1 Na3 53. Kd3 b1=Q+ 54. Rxb1
Nxb1 55. Kc2 Na3+ 56. Kc3 Nb5+ 57. Kd3 Kb4 58. Kd2 Kc4 59. Kc2 Kd4 60. Kb3 Kc5 0-1

[Event "52nd Rubinstein Mem"]
[Site "Polanica Zdroj POL"]
[Date "2016.08.26"]
[Round "7.3"]
[White "Tomczak, Mikolaj"]
[Black "Zochowski, Kacper"]
[Result "1-0"]
[WhiteTitle "FM"]
[WhiteElo "2298"]
[BlackElo "2275"]
[WhiteFideId "1175114"]
[BlackFideId "1125494"]
[EventDate "2016.08.20"]

1. c4 e5 2. Nc3 Nc6 3. g3 d6 4. Bg2 Be6 5. d3 Qd7 6. Rb1 g6 7. b4 Bg7 8. b5 Nd8
9. Nf3 Bh3 10. O-O Bxg2 11. Kxg2 Ne7 12. Nd5 O-O 13. e4 Ne6 14. Ng5 Nd8 15. f4
exf4 16. Bxf4 Ne6 17. Nxe6 fxe6 18. Qg4 Nf5 19. Nxc7 Qxc7 20. exf5 Rxf5 21. Be3
Raf8 22. Qe4 Qf7 23. Rxf5 gxf5 24. Qf3 b6 25. Qc6 Rd8 26. Re1 Bc3 27. Re2 Qh5
28. Rf2 Bf6 29. Rf3 Qf7 30. Rf2 Kg7 31. a4 Qd7 32. Qf3 Kh8 33. Ra2 d5 34. c5
bxc5 35. Bxc5 d4 36. Qc6 Qf7 37. b6 axb6 38. Bxb6 Re8 39. Rf2 Rb8 40. a5 1-0

[Event "52nd Rubinstein Mem"]
[Site "Polanica Zdroj POL"]
[Date "2016.08.26"]
[Round "7.4"]
[White "Siekanski, Janusz"]
[Black "Nowak, Kamil"]
[Result "0-1"]
[WhiteElo "2290"]
[BlackElo "2240"]
[WhiteFideId "1100599"]
[BlackFideId "1168681"]
[EventDate "2016.08.20"]

1. d4 d5 2. c4 c6 3. cxd5 cxd5 4. Nc3 Nc6 5. Bf4 Nf6 6. e3 a6 7. Bd3 Bg4 8. Nge2
e6 9. O-O Be7 10. f3 Bh5 11. Rc1 O-O 12. Na4 Rc8 13. Nc5 Qb6 14. Rc3 Bxc5 15.
dxc5 Qxb2 16. Bd6 Rfd8 17. Rb3 Qxa2 18. Rxb7 Ne8 19. Qe1 Nxd6 20. cxd6 Qa3 21.
d7 Ra8 22. Nf4 Bg6 23. Bxg6 hxg6 24. Kh1 Qe7 25. Qc3 Rxd7 26. Rb6 Nd8 27. Ra1
Rb7 28. Rxb7 Qxb7 29. h3 Nc6 30. Nd3 a5 31. Nc5 Qb4 32. Qc2 Ne5 33. Na4 Rb8 34.
Qc7 Nc4 35. Nc3 Qb6 36. Qxb6 Rxb6 37. e4 d4 38. Ra4 dxc3 39. Rxc4 Rb1+ 40. Kh2
Rc1 41. Kg3 c2 42. Kf4 a4 43. Ke3 a3 44. Kd2 a2 0-1